000 00432nam a22001697a 4500
003 NUST - PNEC
005 20170116181145.0
008 151008b xxu||||| |||| 00| 0 eng d
020 _a-
040 _cLIBRARY
082 _a536.7076 PHI
100 _914899
_a Phillips, John
245 _aExamples in applied thermodynamics
_cJohn,Phillips
260 _cc 1960
650 _914901
_aThermodynamics
_xGeneral
942 _2ddc
_cBK
999 _c70644
_d70644